000 00259nam a22001217a 4500
008 170502b xxu||||| |||| 00| 0 eng d
041 _aeng
080 _a34
100 _a39
101 _aREF
245 _aFEDERAL PRACTICE DIGEST
_cWESTLAW
942 _2udc
_cBK
999 _c12361
_d12361